| 000 | 00945nam a2200241 a 4500 | ||
|---|---|---|---|
| 003 | DO-SdBNP | ||
| 005 | 20220927151745.0 | ||
| 007 | ta | ||
| 008 | 220923e2018 dr ac||gr|||| 000 0 spa d | ||
| 040 |
_aDO-SdBNP _bspa _cBNPHU |
||
| 082 | 4 |
_a002.074 _bF356p _222 |
|
| 111 |
_aFeria Internacional del libro _n(21ª: _d2018: _cPlaza de la Cultura Juan Pablo Duarte, Santo Domingo) _982433 |
||
| 245 | 1 | 0 |
_aPrograma : _b21ª feria internacional del libro 2018. el libro arriba |
| 246 | 1 | 4 |
_aEl libro arriba: _bveintiún feria internacional del libro 2018 |
| 260 |
_aSanto Domingo : _bFerilibro, _c2018 |
||
| 300 |
_a51 p. : _bil.. : _c28 cm. |
||
| 500 | _aInvitado de honor: Guatemala. Dedicada a Lupo Hernández Rueda. | ||
| 590 | _aInventariado 2022 / MF | ||
| 650 | 4 |
_aLibros _xExposiciones _zRepública Dominicana _933375 _vPrograma |
|
| 650 | 4 |
_aFeria del libro _zRepública Dominicana _980995 _y2018 _vPrograma |
|
| 910 | _aMFeliz | ||
| 942 |
_2ddc _cLBS1 |
||
| 999 |
_c52459 _d52459 |
||